LEADER 01014nam0-2200361---45-- 001 990000493020203316 005 19970919000000.0 035 $a0049302 035 $aUSA010049302 035 $a(ALEPH)000049302USA01 035 $a0049302 100 $a20001027d1961----km-y1itay0103----ba 101 $aita 102 $aIT 105 $aa|||||||001yy 200 1 $a<> nocciolo$fGiovanni Ricci Bitti 210 $aBologna$cEdagricole$d1961 215 $a44 p.$cill.$d19 cm. 225 2 $aUniversale Edagricole$v4 410 0$12001$aUniversale Edagricole$v4 606 $aNocciolo$xColtivazione 676 $a634.54 700 1$aRICCI BITTI,$bGiovanni$0353806 801 0$aIT$bUNPD$c19970919$gRICA 912 $a990000493020203316 951 $a634.54 RIC$b2696 Farm.$c634$d00073651 959 $aBK 969 $aFAR 979 $aJOHNNY$b90$c20010604$lUSA01$h1815 979 $c20020403$lUSA01$h1658 979 $aPATRY$b90$c20040406$lUSA01$h1634 996 $aNocciolo$9372401 997 $aUNISA LEADER 01125nam 2200385 450 001 9910480682703321 005 20200611001730.0 010 $a92-75-32087-X 035 $a(CKB)4100000009266307 035 $a(MiAaPQ)EBC6005307 035 $a(EXLCZ)994100000009266307 100 $a20200611d2019 uy 0 101 0 $aspa 135 $aurcnu|||||||| 181 $ctxt$2rdacontent 182 $cc$2rdamedia 183 $acr$2rdacarrier 200 00$aEstado de la Seguridad Vial en la Region de Las Americas /$fPan American Health 210 1$aWashington, District of Columbia :$cPan American Health Organization (PAHO),$d2019. 215 $a1 online resource (68 pages) 311 $a92-75-32086-1 606 $aSafety 606 $aTraffic safety 608 $aElectronic books. 615 0$aSafety. 615 0$aTraffic safety. 676 $a629.28 712 02$aPan American Health, 801 0$bMiAaPQ 801 1$bMiAaPQ 801 2$bMiAaPQ 906 $aBOOK 912 $a9910480682703321 996 $aEstado de la Seguridad Vial en la Region de Las Americas$92259214 997 $aUNINA